000 00791nam a2200253Ia 4500
003 OSt
005 20220925214958.0
006 a|||||r|||| 00| 0
007 ta
008 220923b |||||||| |||| 00| 0 eng d
020 _a0860104826
037 _cGeneral Book
040 _aRTL
_cRTL
_beng
041 _2eng
_aeng
082 _aX9(F55).1.P200<--P00, M3
110 _aWorld Energy Conference (10) Conservation Commission
_9281559
245 0 _aEnergy 2000-2020
_b World prospects and regi
260 _aLondon
_bGraham and Trotman UK
_c1983
300 _aIxviii, 259p.
_ccm.
650 _aFuel
700 _aWorld Energy Conference (10) Conservation Commission
_9281560
942 _hX9(F55).1.P200<--P00, M3
_cGB
_2CC
999 _c567418
_d567418